Loading...
| Fine Arts - Classical Music | 4 | 10.00 | 75% | 25% | 0% |
| Fine Arts - Other Fine Arts | 4 | 10.00 | 75% | 25% | 0% |
| Geography | 3 | 23.33 | 100% | 100% | 33% |
| History - American History | 5 | 18.00 | 100% | 60% | 20% |
| History - European History | 5 | 20.00 | 100% | 60% | 40% |
| History - Other History | 4 | 15.00 | 100% | 0% | 50% |
| History - World History | 4 | 20.00 | 100% | 75% | 25% |
| Literature - American Literature | 4 | 17.50 | 100% | 50% | 25% |
| Literature - British Literature | 5 | 12.00 | 60% | 40% | 20% |
| Literature - European Literature | 5 | 14.00 | 100% | 40% | 0% |
| Literature - World Literature | 6 | 11.67 | 100% | 17% | 0% |
| Mythology | 4 | 10.00 | 75% | 25% | 0% |
| Painting/Sculpture | 4 | 7.50 | 75% | 0% | 0% |
| Philosophy | 4 | 7.50 | 50% | 25% | 0% |
| Pop Culture | 1 | 10.00 | 100% | 0% | 0% |
| Religion | 8 | 11.25 | 88% | 25% | 0% |
| Science - Biology | 3 | 13.33 | 100% | 33% | 0% |
| Science - Chemistry | 7 | 10.00 | 71% | 29% | 0% |
| Science - Other Science | 4 | 7.50 | 50% | 25% | 0% |
| Science - Physics | 3 | 13.33 | 100% | 33% | 0% |
| Social Science | 4 | 15.00 | 100% | 50% | 0% |